2025 Formula One Winners - Statistics

General Stats
  • This quiz has been taken 67 times
  • The average score is 22 of 24
Answer Stats
Hint Answer % Correct
Australian GP Lando Norris
98%
Chinese GP Oscar Piastri
98%
Japanese GP Max Verstappen
96%
Canadian GP George Russell
94%
Monaco GP Lando Norris
94%
Bahrain GP Oscar Piastri
94%
Saudi Arabian GP Oscar Piastri
94%
Miami GP Oscar Piastri
94%
Spanish GP Oscar Piastri
94%
British GP Lando Norris
93%
Emilia Romagna GP Max Verstappen
93%
Belgian GP Oscar Piastri
93%
Singapore GP George Russell
91%
Austrian GP Lando Norris
91%
Mexico City GP Lando Norris
91%
Sao Paulo GP Lando Norris
91%
Azerbaijan GP Max Verstappen
91%
United States GP Max Verstappen
91%
Las Vegas GP Max Verstappen
91%
Dutch GP Oscar Piastri
91%
Hungarian GP Lando Norris
89%
Italian GP Max Verstappen
89%
Qatar GP Max Verstappen
89%
Abu Dhabi GP Max Verstappen
89%
No matching quizzes found
Score Distribution
Percent of People with Each Score
Percentile by Number Answered
Your Score History
You have not taken this quiz